Introduction (notice n° 1890322)

détails MARC
000 -LEADER
fixed length control field 01700cam a2200169 4500500
005 - DATE AND TIME OF LATEST TRANSACTION
control field 20260329014601.0
041 ## - LANGUAGE CODE
Language code of text/sound track or separate title fre
042 ## - AUTHENTICATION CODE
Authentication code dc
100 10 - MAIN ENTRY--PERSONAL NAME
Personal name Bidard, Christian
Relator term author
245 00 - TITLE STATEMENT
Title Introduction
260 ## - PUBLICATION, DISTRIBUTION, ETC.
Date of publication, distribution, etc. 2005.<br/>
500 ## - GENERAL NOTE
General note 31
520 ## - SUMMARY, ETC.
Summary, etc. Cet article propose une interprétation de la firme comme un assemblage de communautés dans le cadre d’une économie fondée sur la connaissance. Nous privilégions ici l’étude des formes d’échange coopératif volontaire dans les communautés organisationnelles et l’émergence dans ce cadre de croyances collectives et d’une culture d’entreprise. L’analyse particulière de la communauté, à travers la prise en compte de dimensions supplémentaires de création, de validation et de diffusion des connaissances, vient ainsi compléter les modes traditionnels de coordination au sein de la firme.
520 ## - SUMMARY, ETC.
Summary, etc. The organization as a community of communities collective beliefs and corporate culture This article proposes an interpretation of the firm as a bundle of interacting communities, in the perspective of the knowledge-based economy. It focuses on the examination of the forms of voluntary co-operative exchange in the communities and the emergence of collective beliefs and corporate culture. Thus, the particular analysis of the community level, by bringing additional dimensions of creation, validation and diffusion of knowledge, is a complement to the traditional modes of co-ordination of the firm.
786 0# - DATA SOURCE ENTRY
Note Revue d'économie politique | 115 | 4 | 2005-08-01 | p. 373-378 | 0373-2630
856 41 - ELECTRONIC LOCATION AND ACCESS
Uniform Resource Identifier <a href="https://shs.cairn.info/revue-d-economie-politique-2005-4-page-373?lang=fr&redirect-ssocas=7080">https://shs.cairn.info/revue-d-economie-politique-2005-4-page-373?lang=fr&redirect-ssocas=7080</a>

Pas d'exemplaire disponible.

PLUDOC

PLUDOC est la plateforme unique et centralisée de gestion des bibliothèques physiques et numériques de Guinée administré par le CEDUST. Elle est la plus grande base de données de ressources documentaires pour les Étudiants, Enseignants chercheurs et Chercheurs de Guinée.

Adresse

627 919 101/664 919 101

25 boulevard du commerce
Kaloum, Conakry, Guinée

Réseaux sociaux

Powered by Netsen Group @ 2025